Jharkhand Local Acts Volume I (Record no. 5720)

MARC details
000 -LEADER
fixed length control field 00324nam a22001337a 4500
005 - DATE AND TIME OF LATEST TRANSACTION
control field 20210831125720.0
008 - FIXED-LENGTH DATA ELEMENTS--GENERAL INFORMATION
fixed length control field 180628b xxu||||| |||| 00| 0 eng d
041 ## - LANGUAGE CODE
Language code of text/sound track or separate title eng
100 ## - MAIN ENTRY--AUTHOR NAME
Personal name Verma, Dr. J K
245 ## - TITLE STATEMENT
Title Jharkhand Local Acts Volume I
260 ## - PUBLICATION, DISTRIBUTION, ETC. (IMPRINT)
Place of publication Patna
Name of publisher PLJR Publication
Year of publication 2006
300 ## - PHYSICAL DESCRIPTION
Number of Pages 808p
942 ## - ADDED ENTRY ELEMENTS (KOHA)
Koha item type Books
Holdings
Lost status Damaged status Collection code Home library Current library Shelving location Date acquired Source of acquisition Cost, normal purchase price Accession Number Koha item type
    LAW JRU Library JRU Library SHELF-33-A 28/06/2018 Purchase 750.00 22373 Books
    LAW JRU Library   SHELF-33-A 28/06/2018 Purchase 750.00 22374 Books
    LAW JRU Library   SHELF-33-A 28/06/2018 Purchase 750.00 22375 Books
    LAW JRU Library   SHELF-33-A 28/06/2018 Purchase 750.00 22376 Books
    LAW JRU Library   SHELF-33-A 28/06/2018 Purchase 750.00 22377 Books
    LAW JRU Library   SHELF-33-A 28/06/2018 Purchase 750.00 22378 Books
    LAW JRU Library   SHELF-33-A 28/06/2018 Purchase 750.00 22379 Books
    LAW JRU Library   SHELF-33-A 28/06/2018 Purchase 750.00 22380 Books
    LAW JRU Library   SHELF-33-A 28/06/2018 Purchase 750.00 22381 Books